PIESOK Z URIEN

Bibliographic Details
Main Authors: Celan, Paul, 1920-1970 (Author), V. Š. (Author)
Other Authors: Kupec, Ivan, 1922-1997 (Translator)
Format: Article
Language:Slovak

MARC

LEADER 00000nab a2200000uu 4500
001 vtls011447675
003 SK-MaSNL
005 20260303221423.0
008 230313|1966 xo |||||||||||||||||slo|
015 |a SNBRB 
035 |a (urnnbn)urn:nbn:sk:snk:ar-004p9n 
035 |a (uuid)2a7a2976-94fd-430c-93a4-1bcc103acc61 
035 |a urn:nbn:sk:snk-abckhu 
040 |a SNKBUCL  |b slo  |c SNKBUCL  |e AACR2 
041 0 |a slo 
044 |a xo  |c SK 
100 1 |a Celan, Paul,  |d 1920-1970  |4 aut  |9 13362 
245 1 0 |a PIESOK Z URIEN  |c Paul Celan, V. Š., Ivan Kupec 
700 1 |a Kupec, Ivan,  |d 1922-1997  |4 trl  |9 122753 
700 1 |a V. Š.  |4 aut  |9 504207 
773 0 |t Revue svetovej literatúry  |g Roč. 2, č. 3 (1966), s. [186]-199 
958 |a OND 
958 |a EUIPO 
958 |a article16 
999 |c 2233917  |d 2235847